<?xml version="1.0" encoding="UTF-8"?>
<collection xmlns="http://www.loc.gov/MARC21/slim">
    <record>
        <controlfield tag="001">61277</controlfield>
        <controlfield tag="005">20180410125425.0</controlfield>
        <datafield tag="024" ind1="7" ind2=" ">
            <subfield code="2">doi</subfield>
            <subfield code="a">10.4028/www.scientific.net/KEM.615.22</subfield>
        </datafield>
        <datafield tag="024" ind1="8" ind2=" ">
            <subfield code="2">sideral</subfield>
            <subfield code="a">96823</subfield>
        </datafield>
        <datafield tag="037" ind1=" " ind2=" ">
            <subfield code="a">ART-2014-96823</subfield>
        </datafield>
        <datafield tag="041" ind1=" " ind2=" ">
            <subfield code="a">eng</subfield>
        </datafield>
        <datafield tag="100" ind1=" " ind2=" ">
            <subfield code="0">(orcid)0000-0001-8689-6482</subfield>
            <subfield code="a">Aguado Jiménez, Sergio</subfield>
        </datafield>
        <datafield tag="245" ind1=" " ind2=" ">
            <subfield code="a">A stratey for geometric error characterization in multi-axis machine tool by use of a laser tracker</subfield>
        </datafield>
        <datafield tag="260" ind1=" " ind2=" ">
            <subfield code="c">2014</subfield>
        </datafield>
        <datafield tag="506" ind1="0" ind2=" ">
            <subfield code="a">Access copy available to the general public</subfield>
            <subfield code="f">Unrestricted</subfield>
        </datafield>
        <datafield tag="520" ind1="3" ind2=" ">
            <subfield code="a">This paper aims to present different methods of volumetric verification in long range machine toll with lineal and rotary axes using a commercial laser tracker as measurement system. This method allows characterizing machine tool geometric errors depending on the kinematic of the machine and the work space available during the measurement time. The kinematic of the machine toll is affected by their geometric errors, which are different depending on the number and type of movement axes. The relationship between the various geometrical errors is different from relationship obtained in machine tool whit only lineal axes. Therefore, the identification strategy should be different. In the same way, the kinematic chain of the machine tool determines determines the position of the laser tracker and available space for data capture. This paper presents the kinematic model of several machine tools with different kinematic chains use to improve the machine tool accuracy of each one by volumetric verification. Likewise, the paper thus presents a study of: the adequacy of different nonlinear optimization strategies depending on the type of axis and the usable space available.</subfield>
        </datafield>
        <datafield tag="536" ind1=" " ind2=" ">
            <subfield code="9">info:eu-repo/grantAgreement/ES/MINECO/INNPACTO-IPT-2011-1191-020000</subfield>
        </datafield>
        <datafield tag="540" ind1=" " ind2=" ">
            <subfield code="9">info:eu-repo/semantics/openAccess</subfield>
            <subfield code="a">All rights reserved</subfield>
            <subfield code="u">http://www.europeana.eu/rights/rr-f/</subfield>
        </datafield>
        <datafield tag="655" ind1=" " ind2="4">
            <subfield code="a">info:eu-repo/semantics/article</subfield>
            <subfield code="v">info:eu-repo/semantics/acceptedVersion</subfield>
        </datafield>
        <datafield tag="700" ind1=" " ind2=" ">
            <subfield code="0">(orcid)0000-0002-2521-2611</subfield>
            <subfield code="a">Samper Carnicer, David</subfield>
        </datafield>
        <datafield tag="700" ind1=" " ind2=" ">
            <subfield code="0">(orcid)0000-0001-7316-0003</subfield>
            <subfield code="a">Santolaria Mazo, Jorge</subfield>
            <subfield code="u">Universidad de Zaragoza</subfield>
        </datafield>
        <datafield tag="700" ind1=" " ind2=" ">
            <subfield code="0">(orcid)0000-0002-8609-1358</subfield>
            <subfield code="a">Aguilar Martin, Juan José</subfield>
            <subfield code="u">Universidad de Zaragoza</subfield>
        </datafield>
        <datafield tag="710" ind1="2" ind2=" ">
            <subfield code="1">5002</subfield>
            <subfield code="2">515</subfield>
            <subfield code="a">Universidad de Zaragoza</subfield>
            <subfield code="b">Departamento de Ingeniería de Diseño y Fabricación</subfield>
            <subfield code="c">Ingeniería de los Procesos de Fabricación</subfield>
        </datafield>
        <datafield tag="773" ind1=" " ind2=" ">
            <subfield code="g">615 (2014), 22-31</subfield>
            <subfield code="p">Key eng. mater.</subfield>
            <subfield code="t">Key engineering materials</subfield>
            <subfield code="x">1013-9826</subfield>
        </datafield>
        <datafield tag="856" ind1="4" ind2=" ">
            <subfield code="s">1323231</subfield>
            <subfield code="u">http://zaguan.unizar.es/record/61277/files/texto_completo.pdf</subfield>
            <subfield code="y">Postprint</subfield>
        </datafield>
        <datafield tag="856" ind1="4" ind2=" ">
            <subfield code="s">126128</subfield>
            <subfield code="u">http://zaguan.unizar.es/record/61277/files/texto_completo.jpg?subformat=icon</subfield>
            <subfield code="x">icon</subfield>
            <subfield code="y">Postprint</subfield>
        </datafield>
        <datafield tag="909" ind1="C" ind2="O">
            <subfield code="o">oai:zaguan.unizar.es:61277</subfield>
            <subfield code="p">articulos</subfield>
            <subfield code="p">driver</subfield>
        </datafield>
        <datafield tag="951" ind1=" " ind2=" ">
            <subfield code="a">2018-04-10-12:53:06</subfield>
        </datafield>
        <datafield tag="980" ind1=" " ind2=" ">
            <subfield code="a">ARTICLE</subfield>
        </datafield>
    </record>

    
</collection>